01259nas a2200277Ia 4500001001100000003000900011008004100020040001300061040001300074041001300087100003800100210001600138222001600154245009100170250001100261260002800272501008600300300001000386310001200396362003600408500026000444650003600704942000700740999001900747952021500766R017/67540IT-RoPAU151124c99999999xx |||||||||||| ||und|| aIT-RoPAU cIT-RoPAU aITALIANO aAA.VV. gCodice Aut. SPICS: 12000 aFILMCRITICA aFilmcritica aFILMCRITICA, ANNO 15-N.142 (FEBBRAIO 1964)bFilmcritica, Anno 15-N.142 (Febbraio 1964) a1a ed. aROMAbFILMCRITICAc1964 bPaulus - SPICS - Società San Paolo EM (non-commercial uses only)cCopyright2015 a60 p. aMENSILE aANNO 015, N.142 (FEBBRAIO 1964) aMensile di Cinema Teatro e Tv. Contributi di Autori Vari su Personaggi e Argomenti del Cinema: Dibattito Sul Film gli Uccelli di Alfred Hitchcock. Mercato Comune e Crisi del Cinema. Scritti del Regista Sovietico Dovzhenko. Terrore e Raziocinio in Roger Co aCINEMAvPUBBLICAZIONE PERIODICA cCR c135408d135408 0010406R_017_67540000000000071aSPICSbSPICSd2015-11-25l0oR017/67540r2015-11-25 00:00:00w2015-11-25yCRzProgr. Ins: 24699 / Copia rara: NO / date import: 25.11.2015 / By Epidotti, Trombetti, Vaglietti